| 000 | 00690nam a2200193 a 4500 | ||
|---|---|---|---|
| 005 | 20210223124820.0 | ||
| 008 | 030123s1977 mx r 000 0 spa d | ||
| 035 | _aUPN01000121585 | ||
| 049 | _aCG | ||
| 050 | 4 |
_aHC106.5 _bS5.48 |
|
| 100 | 1 | _aSharkanski, Ira | |
| 245 | 1 | 4 |
_aLos Estados Unidos : _bestudio de un país en vías de desarrollo / _cIra Sharkanski ; tr. Luisa María Alvarez de Jaubert. |
| 260 |
_aMéxico : _bEDAMEX, _c[1977]. |
||
| 300 | _a170 p. | ||
| 534 |
_pTítulo original: _tThe United States : a study of a developing country |
||
| 651 | 4 |
_aESTADOS UNIDOS - _xCONDICIONES ECONOMICAS _923002 |
|
| 651 | 4 |
_aESTADOS UNIDOS - _xCONDICIONES SOCIALES _923749 |
|
| 905 | _aLibro | ||
| 999 |
_c93810 _d93810 |
||